| 000 | 00924nas a2200313 4500 | ||
|---|---|---|---|
| 001 | BR2012007071 | ||
| 003 | BR-BrBNA | ||
| 005 | 20231205121348.0 | ||
| 007 | ta | ||
| 008 | 230509b bl.|||p| |||| 00| 00por d | ||
| 040 |
_aBR-BrBNA _bpor _cBiblioteca Nacional de Agricultura |
||
| 041 | _a(Pt) | ||
| 072 | _aF03 | ||
| 100 | 1 | _aBattistin, A. | |
| 100 | 1 | _aAlmeida, A.L. | |
| 100 | 1 | _aGonçalves, R.S. | |
| 100 | 1 | _aFermino, M.H. | |
| 100 | 1 | _aSilveira, J.R.P. | |
| 100 | 1 | _aBusnello, A.C. | |
| 100 | 1 | _aPasquetti, M.V. | |
| 245 | 1 | _aGerminação das sementes e análise citogenética em duas espécies de palmeiras | |
| 650 | _aEUTERPE EDULIS | ||
| 650 | _aPÓLEN | ||
| 650 | _aMITOSE | ||
| 650 | _aMEIOSE | ||
| 773 | 0 |
_tRevista Brasileira de Horticultura Ornamental (Brazil) _xISSN 1809-6093 _g(2012), v.18(1) p. 79-84 _wBR2012007071 |
|
| 909 |
_a202311 _bLúcia _c55 _dLúcia Elande |
||
| 942 |
_2AGRIS _n0 _cANA |
||
| 999 |
_c223157 _d223157 |
||